000 00383nam a2200157Ia 4500
003 0STCL
008 150530s9999 xx 000 0 und d
040 _aSTCL
_cSTCL
100 _aRaghavan, M.D.
245 _aBulletin of the Madras Government museum
260 _bGovernment of Madras
_c1966
546 _aEnglish
942 _2ddc
_cBK
999 _c37333
_d37333
005 20220125170418.0